Szczegóły MARC21

Carrier wars - naval aviation from world war II to the Persion Gulf /

003 -Nazwa inst., której nr kontr. jest w polu 001 [,]
    • @
    • Nazwa instytucji, której n kontrolny jest w polu 001
    • NUKAT
005 -DATA I CZAS OSTATNIEJ MODYFIKACJI [,]
    • @
    • pole kontrolne
    • 20241231112834.0
020 -Międzynarod. znormalizowany nr książki - ISBN [ , ]
    • a
    • Numer ISBN
    • 0070306257 Find
040 -Instytucja sporządzająca opis [ , ]
    • a
    • Instytucja, która sporządziła opis (NP)
    • NUKAT
    • c
    • Instytucja, która sporządziła rekord (NP)
    • POZN U/HA AC
    • d
    • Instytucja, która zmodyfikowała rekord (P)
    • POZN U/EMs
942 -Rodzaj dokumentu [ , ]
    • c
    • Rodzaj dokumentu
    • Książka
100 -Hasło główne - nazwa osobowa [1, ]
    • a
    • Nazwa osobowa (NP)
    • Hoyt, Edwin Palmer
    • d
    • Daty biograficzne (NP)
    • (1923- ).
    • 9
    • KHW
    • 59150
245 -Strefa tytułu i oznaczenia odpowiedzialności [1,0]
    • a
    • Tytuł
    • Carrier wars - naval aviation from world war II to the Persion Gulf / Find
    • c
    • Pozostałe elementy strefy tytułu i oznaczenia odpowiedzialności (NP)
    • Edwin Palmer Hoyt.
260 -Strefa adresu wydawniczego [ , ]
    • a
    • Miejsce wydania (P)
    • New York :
    • b
    • Nazwa wydawcy (P)
    • McGraw-Hill Book Co.,
    • c
    • Data wydania (P)
    • 1989.
300 -Strefa opisu fizycznego [ , ]
    • a
    • Określenie formy książki i/lub objętość (NP)
    • X, 274 s., [16] s. tabl. ;
    • c
    • Format (NP)
    • 24 cm.
336 -Typ zawartości [ , ]
    • a
    • Termin opisujący typ zawartości
    • Tekst
    • b
    • Kod określający zawartość
    • txt
    • 2
    • Źródło (terminu i kodu)
    • rdacontent
337 -Typ mediów [ , ]
    • a
    • Tryb odtwarzania
    • Bez urządzenia pośredniczącego
    • b
    • Kod typu mediów
    • n
    • 2
    • Źródło (terminu i kodu)
    • rdamedia
338 -Typ/rodzaj nośnika [ , ]
    • a
    • Hasło opisujące typ nośnika
    • Wolumin
    • b
    • Kod typu nośnika
    • nc
    • 2
    • Źródło (terminu i kodu)
    • rdacarrier
080 -Uniwersalna Klasyfikacja Dziesiętna [ , ]
    • 2
    • Identyfikator wydania tablic
    • UDC-P058
    • 9
    • UKD
    • 3727
    • a
    • Symbol klasyfikacji
    • 358.4
    • b
    • Dopowiedzenie
    • Siły powietrzne. Wojska lotnicze. Lotnictwo wojskowe. Aeronautyka wojskowa.
    • 4
    • UKD2
    • 7644
    • x
    • Poddział wspólny
    • =111
    • c
    • Dopowiedzenie poddz. wspólnego
    • =Język angielski.
    • 4
    • UKD2
    • 8230
    • x
    • Poddział wspólny
    • "19"
    • c
    • Dopowiedzenie poddz. wspólnego
    • Wiek XX.
080 -Uniwersalna Klasyfikacja Dziesiętna [ , ]
    • 2
    • Identyfikator wydania tablic
    • UDC-P058
    • 9
    • UKD
    • 3728
    • a
    • Symbol klasyfikacji
    • 359
    • b
    • Dopowiedzenie
    • Marynarka wojenna.
    • 4
    • UKD2
    • 7644
    • x
    • Poddział wspólny
    • =111
    • c
    • Dopowiedzenie poddz. wspólnego
    • =Język angielski.
    • 4
    • UKD2
    • 8230
    • x
    • Poddział wspólny
    • "19"
    • c
    • Dopowiedzenie poddz. wspólnego
    • Wiek XX.
650 -Hasło przedmiotowe [ ,7]
    • a
    • Hasło przedmiotowe
    • Lotniskowce.
    • 2
    • Źródło terminu
    • kaba
    • 9
    • KHW
    • 117702
650 -Hasło przedmiotowe [ ,7]
    • a
    • Hasło przedmiotowe
    • Wojna światowa (1939-1945)
    • x
    • Określnik rzeczowy
    • operacje powietrzne.
    • 2
    • Źródło terminu
    • kaba
    • 9
    • KHW
    • 136221
650 -Hasło przedmiotowe [ ,7]
    • a
    • Hasło przedmiotowe
    • Wojna światowa (1939-1945)
    • x
    • Określnik rzeczowy
    • operacje morskie.
    • 2
    • Źródło terminu
    • kaba
    • 9
    • KHW
    • 136216
650 -Hasło przedmiotowe [ ,7]
    • a
    • Hasło przedmiotowe
    • Lotnictwo morskie
    • y
    • Określnik chronologiczny
    • 1900-1945.
    • 2
    • Źródło terminu
    • kaba
    • 9
    • KHW
    • 428100
650 -Hasło przedmiotowe [ ,7]
    • a
    • Hasło przedmiotowe
    • Lotnictwo morskie
    • y
    • Określnik chronologiczny
    • 1945-.
    • 2
    • Źródło terminu
    • kaba
    • 9
    • KHW
    • 428101
980 -Symbol UKD [ , ]
    • a
    • UKD
    • 358.4:359]"1939/1990"=111
710 -Hasło dodatkowe - nazwa ciała zbiorowego [2, ]
    • a
    • Nazwa ciała zbiorowego lub nazwa geograficzna jako pierwszy element (NP)
    • McGraw-Hill (1968-1995).
    • 4
    • Kod relacji
    • pbl
    • 9
    • KHW
    • 462038
920 -ISBN [ , ]
    • a
    • ISBN
    • 0-07-030625-7 Find
Uwagi nie widoczne w OPAC Data inwentaryzacji Lokalizacja Numer inwentarzowy Status udost. Sygnatura
retrokonwersja BMA.8031ANG. Historia Stanów Zjedn. 30
retrokonwersja BMA.1200-3 
retrokonwersja BNSH.24921